000 00663nam a22001937a 4500
003 OSt
005 20260424011955.0
008 260424b |||||||| |||| 00| 0 eng d
020 _a9789710581740
040 _aDWCL Main Lib.
_cOC
082 _aFil. 500 C744 2013
100 _aNadora, Anna Cristina G.
_eAuthor
245 _aConceptual science and beyond 7 /
_cAnna Cristina G. Nadora [and three others]
260 _aQuezon City :
_bBrilliant Creations Publishing,
_cc2013.
300 _aviii, 254 pages :
_billustrations ;
_c26 cm.
504 _aIncludes bibliographical references.
650 _a1. Science--Study and teaching.
942 _2ddc
_cBK - FIL
_n0
999 _c9820
_d9820